<?xml version="1.0" encoding="UTF-8"?>
<record
    xmlns:xsi="http://www.w3.org/2001/XMLSchema-instance"
    xsi:schemaLocation="http://www.loc.gov/MARC21/slim http://www.loc.gov/standards/marcxml/schema/MARC21slim.xsd"
    xmlns="http://www.loc.gov/MARC21/slim">

  <leader>01682nam a2200373 i 4500</leader>
  <controlfield tag="001">185155</controlfield>
  <controlfield tag="003">ES-MaACL</controlfield>
  <controlfield tag="005">20250930063157.0</controlfield>
  <controlfield tag="008">160330s2011    mx ap        |||| |dspa d</controlfield>
  <datafield tag="020" ind1=" " ind2=" ">
    <subfield code="a">978-84-614-7601-5</subfield>
  </datafield>
  <datafield tag="080" ind1=" " ind2=" ">
    <subfield code="a">821.134.2 Padilla, Pedro de 1.07</subfield>
  </datafield>
  <datafield tag="080" ind1=" " ind2=" ">
    <subfield code="a">821.134.2-1"15"</subfield>
  </datafield>
  <datafield tag="100" ind1="1" ind2=" ">
    <subfield code="a">Padilla, Pedro de, </subfield>
    <subfield code="d">1544-1596</subfield>
    <subfield code="9">144864</subfield>
  </datafield>
  <datafield tag="245" ind1="1" ind2="0">
    <subfield code="a">Jard&#xED;n espiritual </subfield>
    <subfield code="b">. Grandezas y excelencias de la Virgen Nuestra Se&#xF1;ora / </subfield>
    <subfield code="c">Pedro de Padilla ; pr&#xF3;logo de Aurelio Valladares ; edici&#xF3;n de Jos&#xE9; J. Labrador Herraiz, Ralph A. DiFranco.</subfield>
  </datafield>
  <datafield tag="246" ind1="3" ind2="0">
    <subfield code="a">Grandezas y excelencias de la Virgen Nuestra Se&#xF1;ora</subfield>
  </datafield>
  <datafield tag="260" ind1=" " ind2=" ">
    <subfield code="a">M&#xE9;xico : </subfield>
    <subfield code="b">Frente de Afirmaci&#xF3;n Hispanista, A. C., </subfield>
    <subfield code="c">2011 (</subfield>
    <subfield code="e">Madrid)</subfield>
  </datafield>
  <datafield tag="300" ind1=" " ind2=" ">
    <subfield code="a">726 p. : </subfield>
    <subfield code="b">il. ; </subfield>
    <subfield code="c">24 cm.</subfield>
  </datafield>
  <datafield tag="500" ind1=" " ind2=" ">
    <subfield code="a">&#xCD;ndices.</subfield>
  </datafield>
  <datafield tag="504" ind1=" " ind2=" ">
    <subfield code="a">Bibliograf&#xED;a - Grandezas y excelencias de la Virgen Nuestra Se&#xF1;ora: p. 707-717.</subfield>
  </datafield>
  <datafield tag="505" ind1="8" ind2=" ">
    <subfield code="a">Contiene: Ap&#xE9;ndice ; </subfield>
    <subfield code="t">Sebasti&#xE1;n de Horozco, "La historia del inocente Ni&#xF1;o de La Guardia"</subfield>
  </datafield>
  <datafield tag="600" ind1="0" ind2="4">
    <subfield code="a">Virgen Mar&#xED;a-</subfield>
    <subfield code="v">Canciones.</subfield>
    <subfield code="9">159253</subfield>
  </datafield>
  <datafield tag="600" ind1="1" ind2="7">
    <subfield code="a">Padilla, Pedro de, </subfield>
    <subfield code="d">1544-1596</subfield>
    <subfield code="2"></subfield>
    <subfield code="9">144864</subfield>
  </datafield>
  <datafield tag="650" ind1="0" ind2="7">
    <subfield code="a">Religi&#xF3;n</subfield>
    <subfield code="2">embne</subfield>
    <subfield code="9">16797</subfield>
  </datafield>
  <datafield tag="700" ind1="1" ind2=" ">
    <subfield code="a">Valladares Reguero, Aurelio.</subfield>
    <subfield code="9">112734</subfield>
  </datafield>
  <datafield tag="700" ind1="1" ind2=" ">
    <subfield code="a">Labrador Herraiz, Jos&#xE9; J.</subfield>
    <subfield code="9">69288</subfield>
  </datafield>
  <datafield tag="700" ind1="1" ind2=" ">
    <subfield code="a">DiFranco, Ralph A.</subfield>
    <subfield code="9">44793</subfield>
  </datafield>
  <datafield tag="710" ind1="2" ind2=" ">
    <subfield code="a">Frente de Afirmaci&#xF3;n Hispanista, A.C.</subfield>
    <subfield code="9">159234</subfield>
  </datafield>
  <datafield tag="740" ind1="3" ind2="2">
    <subfield code="a">La historia del inocente Ni&#xF1;o de La Guardia.</subfield>
  </datafield>
  <datafield tag="852" ind1=" " ind2=" ">
    <subfield code="a">ES-MaACL</subfield>
    <subfield code="j">A-13668</subfield>
    <subfield code="9"> 192174</subfield>
    <subfield code="b">R.151033</subfield>
    <subfield code="c">DEPO1</subfield>
    <subfield code="d">Olim: N-6668</subfield>
    <subfield code="h">Donaci&#xF3;n: Jos&#xE9; J. Labrador Herraiz</subfield>
  </datafield>
  <datafield tag="903" ind1=" " ind2=" ">
    <subfield code="9">69288</subfield>
    <subfield code="a">Labrador Herraiz, Jos&#xE9; J.</subfield>
    <subfield code="e">dnr</subfield>
  </datafield>
  <datafield tag="942" ind1=" " ind2=" ">
    <subfield code="2">udc</subfield>
    <subfield code="c">MONOGRAFIA</subfield>
  </datafield>
  <datafield tag="999" ind1=" " ind2=" ">
    <subfield code="c">185155</subfield>
    <subfield code="d">185155</subfield>
  </datafield>
  <datafield tag="952" ind1=" " ind2=" ">
    <subfield code="0">0</subfield>
    <subfield code="1">0</subfield>
    <subfield code="2">udc</subfield>
    <subfield code="4">0</subfield>
    <subfield code="7">0</subfield>
    <subfield code="a">ATENEOM</subfield>
    <subfield code="b">ATENEOM</subfield>
    <subfield code="c">DEPO1</subfield>
    <subfield code="d">2016-03-30</subfield>
    <subfield code="e">DONACION</subfield>
    <subfield code="l">0</subfield>
    <subfield code="o">A-13668</subfield>
    <subfield code="p">1195035</subfield>
    <subfield code="r">2023-02-23 00:00:00</subfield>
    <subfield code="w">2023-02-23</subfield>
    <subfield code="y">MONOGRAFIA</subfield>
  </datafield>
</record>
